000 00485nam a2200205Ia 4500
008 170918s9999 xx 000 0 und d
020 _a590459139
050 _bH351 1995
100 _aHaskins, Jim
245 _aBlack eagles :
245 _bAfrican Americans in aviation /
245 _cJim Haskins.
260 _aNew York :
260 _bScholastic,
260 _c1995
300 _a196 pages :
300 _bcolored illustration ;
300 _c21cm.
500 _a1160
999 _c342384
_d342384